| 000 | 00484nam a2200181Ia 4500 | ||
|---|---|---|---|
| 001 | 20541 | ||
| 005 | 20260306172813.0 | ||
| 008 | 260306t2022||||xx |||||||||||||| ||spa|| | ||
| 041 | _aESP | ||
| 082 |
_a343.4 _bC85 |
||
| 100 |
_aCotino Hueso, Lorenzo, _eAUT |
||
| 245 | 0 | _aDerechos y garantías ante la inteligencia artificial y las decisiones automatizadas | |
| 260 | _c2022 | ||
| 300 |
_a341 páginas : _c25 cm. |
||
| 650 | _aGEN | ||
| 654 | _aCCO | ||
| 942 |
_cLIB _dJUS _fJUS _2ddc _n |
||
| 999 |
_c20541 _d20541 |
||